| 000 | 00623nam a2200181Ia 4500 | ||
|---|---|---|---|
| 008 | 100917s9999 xx 000 0 und d | ||
| 082 | _b10831 | ||
| 100 | _aटोळ दत्ता श्री. | ||
| 245 | _aइतिहासातील सोनेरी पाने | ||
| 260 |
_bदत्त प्रकाशन _c1971 |
||
| 300 | _a118 | ||
| 365 | _b4 | ||
| 520 | _aबालविभाग | ||
| 630 | _aइतिहासातील सोनेरी पाने | ||
| 650 | _aबालविभाग | ||
| 730 | _aइतिहासातील सोनेरी पाने | ||
| 942 | _cBOOK | ||
| 999 |
_c616225 _d616222 |
||